History of Brazil Quiz - Statistics

General Stats
  • This quiz has been taken 55 times
  • The average score is 9 of 15
Answer Stats
Question Answer % Correct
Which country, along with Spain,invaded Portugal in 1807 causing the Portuguese court to flee to Brazil? France
94%
Who was the first emperor of Brazil? Pedro I
88%
Which country was invaded by Argentina, Brazil and Uruguay between 1864 and 1870? Paraguay
86%
Which European country dominated Northern Brazil between 1630 and 1654? Netherlands
82%
Who is the current president of Brazil? Jair Bolsonaro
80%
Which current country did Brazil annexed in 1817? Uruguay
80%
Who did Brazil side with in WWI and WWII? Allies
78%
Who discovered Brazil in 1500? Pedro Cabral
62%
What treaty divided the world outside Europe between Spain and Portugal? Tordesillas
62%
When was the Brazilian republic established? 1889
58%
Who came to power in 1930 in a coup d'état? Getulio Vargas
54%
What people inhabited Brazil along with the Guaraní before the arrival of the Portuguese? Tupi
46%
What popular uprising brought down Brazil's military dictatorship in 1985? Diretas Já
26%
How was Brazil known between 1937 and 1946? Estado Novo
24%
Which treaty established the border between Brazil and Spanish America in 1750? Treaty of Madrid
22%
No matching quizzes found
Score Distribution
Percent of People with Each Score
Percentile by Number Answered
Your Score History
You have not taken this quiz